000
00319nam a2200121Ia 4500
008
220204s9999 xx 000 0 und d
082
_a
065
_b
KIL
100
_a
Ray A
245
0
_a
Managers must lead: A supervisor's road map to advancement
260
_a
Bombay
_b
Taraporevala
_c
1977
650
_a
Management
942
_c
BK
999
_c
30356
_d
30356